|
|
|
|
| LEADER |
00000nab a2200000 a 4500 |
| 001 |
vtls000745111 |
| 003 |
SK-MaSNL |
| 005 |
20260304111334.0 |
| 008 |
250429c2000 xo 0 slo |
| 015 |
|
|
|a SNBRB2001/01-04036
|
| 035 |
|
|
|a CLN000096947
|
| 035 |
|
|
|a urn:nbn:sk:snk-abahd4
|
| 035 |
|
|
|a (urnnbn)urn:nbn:sk:snk:ar-008c4p
|
| 035 |
|
|
|a (uuid)ef3c8b6e-43fd-4e68-9410-a06542ebb1b2
|
| 040 |
|
|
|a SNKBUCL
|b slo
|c SNKBUCL
|e AACR2
|
| 041 |
0 |
|
|a slo
|
| 044 |
|
|
|a xo
|c SK
|
| 080 |
|
|
|a 341.234(437.6=945.11)
|2 1997
|
| 080 |
|
|
|a 342.724(437.6=945.11)
|2 1997
|
| 100 |
1 |
|
|a Marko, Augustín
|4 aut
|9 5034
|
| 245 |
1 |
0 |
|a Čo nás spája, čo nás rozdeľuje
|c Augustín Marko
|
| 650 |
0 |
7 |
|a Maďari
|z Slovensko
|x postavenie právne
|2 snkbucl
|9 1411430
|
| 650 |
0 |
7 |
|a právo menšinové
|z Slovensko
|2 snkbucl
|9 890731
|
| 650 |
0 |
7 |
|a menšiny národnostné
|z Slovensko
|2 snkbucl
|9 846758
|
| 655 |
|
7 |
|a články z novín a časopisov
|2 snkbucl
|9 267496
|
| 773 |
0 |
|
|t Literárny týždenník
|g Roč. 13, č. 43 (2000), s. 4
|x 0862-5999
|
| 850 |
|
|
|a Slovenská národná knižnica
|
| 852 |
|
|
|a Slovenská národná knižnica
|
| 954 |
|
|
|a odborná, vedecká literatúra pôvodná (slovenská)
|2 lita
|
| 958 |
|
|
|a article14
|
| 958 |
|
|
|a OND
|
| 958 |
|
|
|a HU
|
| 958 |
|
|
|a SK
|
| 958 |
|
|
|a EUIPO
|
| 992 |
|
|
|a RBX
|
| 999 |
|
|
|c 2862214
|d 2864144
|